000 00497nam a22001337a 4500
082 _a624
_bAPP
_c39, P-188
110 _aAmerican Society Of Civil Engineering.
_938079
245 _aApplied techniques for cold environments
_bproceeding of the conference vol-II
_cAmerican Society Of Civil Engineering.
260 _aNew York :
_bThe Canadian Society for Civil Engineering,
_c1978.
300 _a1167 p. :
_bill
526 _a0
_b0
_c0
_d624_000000000000000_APP
650 _aMCE
_9379
942 _2ddc
_cBK
999 _c542754
_d542754